Responses for show #6761 - Monday, January 27, 2014

Contestants

Bill Hammon, a video editor and freelance writer from Bristol, Connecticut

Julie Singer, a French professor from St. Louis, Missouri

Chip Bell, a telecom engineer from Marysville, Ohio (whose 2-day cash winnings total $29,300)

Jeopardy! Round responses

FINDING MY INNER SCOT
WARS BY BATTLE
THINGS THAT ARE YELLOW
MOVIES & POLITICS
WHAT A LITERARY CHARACTER!
"-LY" WORDS THAT AREN'T ADVERBS
    $200 26
[Alex reads the clue, and every clue in the category, with a Scottish brogue.]

New Year's Eve

Bill
    $200 20
World War II

Julie
    $200 1
(Bill: What's a lily?)
(Julie: What is a marguerite?)

a black-eyed Susan

ChipJulieBill
    $200 2
(Martin) Sheen

Chip
    $200 5
Uncle Tom's Cabin

Chip
    $200 13
a bully

Bill
    $400 27
a baby

Bill
    $400 21
World War I

Bill
    $400 6
minions

Julie
    $400 3
Citizen Kane

Bill
    $400 7
(Bob) Cratchit

Julie
    $400 14
silly

Julie
    $600 28
(Alex: Any season, actually.)
[Julie laughs.]

the autumn

Julie
    $600 23
the War of 1812

Julie
    $600 16
a canary

Chip
    $600 4
fascism

Julie
    $600 8
(Julie: Who is Queequeg?)

(Captain) Ahab

JulieBill
    $600 15
a rally

Chip
    $800 29
(Bill: What is lie?)
(Alex: Say that again?)
(Bill: What is lie?)

complain

JulieBill
    $800 24
the Mexican-American War

Bill
    $800 17
raincoats

Julie
    $800 9
Zach Galifianakis

Bill
    $1,600 11
(Bill: Got that monkey off my back!)

the Brothers Karamazov

Bill
    $800 18
tally

Chip
    $1000 30
(Alex: And I know my Scottish accent was not that good.)

potatoes

Triple Stumper
    $1000 25
the Civil War

Chip
    $1000 22
school bus

Julie
    $1000 10
Dave

Bill
    $1000 12
Walter Mitty

Julie
    $1000 19
melancholy

Julie

Scores at the first commercial break (after clue 14):

Chip Julie Bill
$600 $2,000 $4,400

Scores at the end of the Jeopardy! Round:

Chip Julie Bill
$3,600 $7,000 $5,400

Double Jeopardy! Round responses

EUROPEAN FOUNTAINS
THE NAME OF THE ROSE
LOANWORDS BY LANGUAGE
(Alex: The language that gave English that particular word.)
I GOT A "FEVER"
WOMEN
MISSPELLED BANDS
(Alex: Talking about music.)
    $400 10
Vienna

Chip
    $400 13
the stars 'n stripes

Bill
    $400 15
German

Bill
    $400 6
(Julie: What are allergies?)
(Alex: [Sighs] Nope.)
(Julie: What is [*]? Oh, sorry.)

hayfever

JulieBill
    $400 18
(Julie: Who is Clinton?)

Nancy Pelosi

JulieBill
    $400 1
The Beatles

Julie
    $800 11
(Niels) Bohr

Julie
    $800 14
popcorn

Julie
    $800 16
French

Julie
    $800 7
yellow fever

Bill
    $800 19
Amelia Earhart

Bill
    $800 2
Motley Crue

Chip
    $1200 12
Piccadilly Circus

Chip
    $1200 28
Loretta Lynn

Chip
    $1200 23
Italian

Julie
    $1200 8
typhoid fever

Julie
    $1200 20
Carla Bruni

Julie
    $1200 3
Phish

Chip
    $1600 26
(Igor) Stravinsky

Julie
    $1600 29
a tam o'shanter

Julie
    $1600 24
Hebrew

Julie
    $4,000 9
(Alex: Julie?)
(Julie: My daughter's a little young for me to know this. What is... red fever?)

scarlet fever

Julie
    $3,000 21
Jacqueline Kennedy

Julie
    $1600 4
The Gorillaz

Julie
    $2000 27
the Trevi Fountain

Julie
    $2000 30
damask

Julie
    $2000 25
(Bill: What is Greek?)

Russian

Bill
Triple Stumper
    $2000 17
(Bill: What is arthritic fever?)

rheumatic fever

ChipBill
    $2000 22
Ella Fitzgerald

Julie
    $2000 5
The Black Crowes

Julie

Scores at the end of the Double Jeopardy! Round:

Chip Julie Bill
$10,400 $26,000 $4,600
(lock game)

[wagering suggestions for these scores]

Final Jeopardy! Round responses

THE BRITISH GOVERNMENT
(Alex: [To Bill] Who is "Mankini"?)
(Bill: Watch The Soup.)
BillWhat is Mankini
$4,600
ChipWhat is the Office of the Exchequer?
$1,000
JulieWhat is Chancellor of the Exchequer?
$4,000
the Chancellor of the Exchequer

Final scores:

Chip Julie Bill
$11,400 $30,000 $0
2nd place: $2,000 New champion: $30,000 3rd place: $1,000

Game dynamics:

Coryat scores:

Chip Julie Bill
$10,400 $28,600 $3,800
13 R,
0 W
28 R
(including 1 DD),
5 W
(including 1 DD)
16 R
(including 1 DD),
4 W

Combined Coryat: $42,800

The J! Archive is created by fans, for fans. The Jeopardy! game show and all elements thereof, including but not limited to copyright and trademark thereto, are the property of Jeopardy Productions, Inc. and are protected under law. This website is not affiliated with, sponsored by, or operated by Jeopardy Productions, Inc. Join the discussion at JBoard.tv.